[Event " "]
[Site "Lyon Olympique Echecs"]
[Date "1.??.??"]
[Round "11.4"]
[White "Marino, Olivier"]
[Black "Gozillon, Matthieu"]
[Result "1-0"]
[WhiteElo "2126"]
[BlackElo "1881"]
[PlyCount "81"]
[EventDate "1.??.??"]
[WhiteTeam "Cannes II"]

1. e4 e5 2. Nf3 Nc6 3. Bb5 a6 4. Ba4 Bc5 5. O-O d6 6. c3 Bg4 7. h3 Bh5 8. d3 b5
9. Bb3 Nge7 10. Re1 O-O 11. Nbd2 Kh8 12. g4 Bg6 13. Nf1 a5 14. a4 b4 15. Ng3 f6
16. Kg2 Bf7 17. Bxf7 Rxf7 18. Qb3 Qg8 19. Nh4 g6 20. Be3 Rff8 21. Bxc5 dxc5 22.
f3 f5 23. Qc4 fxg4 24. hxg4 Qg7 25. Rh1 Qf6 26. Qxc5 Qf4 27. Rad1 Rfd8 28. Qxc6
Nxc6 29. Nxg6+ Kg8 30. Nxf4 exf4 31. Nf5 Kf8 32. d4 bxc3 33. bxc3 Rab8 34. Rb1
Rxb1 35. Rxb1 Ke8 36. Rb5 Rd7 37. Rc5 Ne7 38. Re5 Kf8 39. Rxe7 Rxe7 40. Nxe7
Kxe7 41. g5 1-0

[Event " "]
[Site "Lyon Olympique Echecs"]
[Date "1.??.??"]
[Round "11.5"]
[White "Lesueur, Christophe"]
[Black "Delabaca, Romuald"]
[Result "0-1"]
[WhiteElo "1680"]
[BlackElo "2154"]
[PlyCount "38"]
[EventDate "1.??.??"]
[WhiteTeam "Reims Echecs Mat"]
[BlackTeam "Cannes II"]

1. e4 c5 2. Nf3 d6 3. d4 cxd4 4. Nxd4 Nf6 5. Nc3 a6 6. Be3 e6 7. Be2 Be7 8. O-O
Qc7 9. f4 O-O 10. f5 e5 11. Nf3 b5 12. Nd5 Nxd5 13. Qxd5 Bb7 14. Qd3 Nd7 15. g4
Nf6 16. Nd2 d5 17. exd5 Nxd5 18. Bf2 Nf4 19. Qe3 Bc5 0-1

[Event " "]
[Site "Lyon Olympique Echecs"]
[Date "1.??.??"]
[Round "11.6"]
[White "Canneva, Florian"]
[Black "Garcia, Thibaud"]
[Result "1-0"]
[WhiteElo "2100"]
[BlackElo "1320"]
[PlyCount "29"]
[EventDate "1.??.??"]
[WhiteTeam "Cannes II"]

1. e4 e5 2. Nf3 Nc6 3. Bb5 Bb4 4. O-O Nf6 5. c3 Bc5 6. d4 Bb6 7. Nxe5 O-O 8.
Bg5 Qe7 9. Ng4 d6 10. Nxf6+ gxf6 11. Bh6 Re8 12. Nd2 Qe6 13. d5 Qd7 14. Qf3 Kh8
15. Qxf6+ 1-0

[Event " "]
[Site "Lyon Olympique Echecs"]
[Date "1.??.??"]
[Round "11.1"]
[White "Sikula, Vaszilij"]
[Black "Ninov, Nikolai"]
[Result "1/2-1/2"]
[WhiteElo "2536"]
[BlackElo "2546"]
[PlyCount "120"]
[EventDate "1.??.??"]
[WhiteTeam "Epinal"]
[BlackTeam "Hyères"]

1. e4 c5 2. Nf3 d6 3. d4 Nf6 4. Nc3 cxd4 5. Nxd4 a6 6. Be2 e6 7. O-O Be7 8. f4
Qc7 9. Kh1 O-O 10. a4 Nc6 11. Be3 Rd8 12. Qe1 Nxd4 13. Bxd4 e5 14. Bg1 exf4 15.
a5 Re8 16. Bb6 Qb8 17. Rxf4 d5 18. Qf2 Be6 19. exd5 Nxd5 20. Nxd5 Bxd5 21. Rf1
Bd8 22. Bd4 Qxf4 23. Qxf4 Rxe2 24. Rg1 Re4 25. Qd2 Bc6 26. Bc3 Bh4 27. Qd1 Rae8
28. Qf3 Rc4 29. Qh5 g6 30. Qh6 f6 31. Qd2 Bg5 32. Qd3 Rg4 33. Qd6 h5 34. Qd3
Kh7 35. Bd2 Bxd2 36. Qxd2 Re5 37. Rd1 Rxg2 38. Qxg2 Bxg2+ 39. Kxg2 Re2+ 40. Kg3
h4+ 41. Kxh4 Rxh2+ 42. Kg3 Rxc2 43. Rd7+ Kh6 44. Rxb7 f5 45. Rb6 Kg5 46. Kf3 f4
47. Rxa6 Rxb2 48. Rb6 Ra2 49. Rb5+ Kh4 50. Rb6 Ra3+ 51. Kxf4 g5+ 52. Ke4 g4 53.
a6 Kh3 54. Rh6+ Kg2 55. Kd5 g3 56. Kc5 Kf1 57. Rf6+ Kg1 58. Kb6 g2 59. a7 Kh2
60. Rh6+ Kg3 1/2-1/2

[Event " "]
[Site "Lyon Olympique Echecs"]
[Date "1.??.??"]
[Round "11.2"]
[White "Sulava, Nenad"]
[Black "Okhotnik, Vladimir"]
[Result "1/2-1/2"]
[WhiteElo "2549"]
[BlackElo "2484"]
[PlyCount "97"]
[EventDate "1.??.??"]
[WhiteTeam "Hyères"]

1. d4 g6 2. e4 Bg7 3. Nf3 d6 4. Be3 c6 5. c4 Bg4 6. Nc3 Nd7 7. Be2 c5 8. O-O
Bxf3 9. Bxf3 cxd4 10. Bxd4 Bxd4 11. Qxd4 Ngf6 12. Nd5 O-O 13. Nxf6+ Nxf6 14. e5
dxe5 15. Qxe5 Rc8 16. Rac1 b6 17. b4 Qd6 18. Qb5 Qf4 19. c5 bxc5 20. Rxc5 Ng4
21. Bxg4 Qxg4 22. a3 Rfd8 23. h3 Qe6 24. Rfc1 Rxc5 25. Qxc5 Rd7 $11 26. b5 Qd6
27. a4 Qxc5 28. Rxc5 Rd1+ 29. Kh2 Ra1 30. Rc4 Ra3 31. f3 Kf8 32. Kg3 Ke8 33.
Kf4 Kd7 34. Ke4 h6 35. Kd5 Rd3+ 36. Ke4 Rb3 37. Kd4 h5 38. h4 Kd8 39. Ke4 Kd7
40. Kf4 a6 41. bxa6 Rb6 42. Rd4+ Kc7 43. Kg5 Rxa6 44. f4 f5 45. Rc4+ Kd6 46.
Rc8 Ke6 47. Rf8 Rxa4 48. Rg8 Kf7 49. Rxg6 1/2-1/2

[Event " "]
[Site "Lyon Olympique Echecs"]
[Date "1.??.??"]
[Round "11.3"]
[White "Bakalarz, Mieczyslaw"]
[Black "Leski, Marc"]
[Result "1/2-1/2"]
[WhiteElo "2373"]
[BlackElo "2389"]
[PlyCount "36"]
[EventDate "1.??.??"]
[WhiteTeam "Epinal"]
[BlackTeam "Hyères"]

1. d4 d6 2. Nf3 g6 3. c4 Bg7 4. Nc3 Bg4 5. e3 Nd7 6. Be2 e5 7. h3 Bxf3 8. Bxf3
c6 9. dxe5 dxe5 10. O-O Ngf6 11. Rb1 a5 12. a3 Qe7 13. b4 axb4 14. axb4 e4 15.
Be2 O-O 16. Qc2 Rfe8 17. c5 b6 18. cxb6 Nxb6 1/2-1/2

[Event " "]
[Site "Lyon Olympique Echecs"]
[Date "1.??.??"]
[Round "11.4"]
[White "Marholev, Dimitar"]
[Black "Adrian, Claude"]
[Result "1/2-1/2"]
[WhiteElo "2375"]
[BlackElo "2280"]
[PlyCount "117"]
[EventDate "1.??.??"]
[WhiteTeam "Hyères"]

1. e4 e6 2. d4 d5 3. Nd2 c5 4. Ngf3 Nc6 5. exd5 exd5 6. Be2 Nf6 7. O-O Bd6 8.
dxc5 Bxc5 9. Nb3 Bb6 10. Bg5 O-O 11. c3 Re8 12. Nfd4 Qd6 $11 13. Be3 Bc7 14. g3
a6 15. Bf4 Qe7 16. Bxc7 Qxc7 17. Re1 Bh3 18. Qc2 Qe5 19. Rad1 Re7 20. Qc1 Rae8
21. f3 h5 22. Kf2 Qc7 23. Bf1 Bxf1 24. Rxe7 Rxe7 25. Rxf1 Ne5 26. Kg1 Ng6 27.
Nf5 Re2 28. Nfd4 Re5 29. Qd2 Re8 30. Nf5 h4 31. Nbd4 hxg3 32. hxg3 Qe5 33. Kf2
Qc7 34. Rh1 Qb6 35. b3 Re5 36. Kg2 Qc7 37. a4 Qc5 38. g4 Qc8 39. Kf1 Qd7 40.
Qh2 Qe8 41. Kf2 Qd7 42. g5 Rxf5 43. Nxf5 Qxf5 44. gxf6 Qxf6 45. Qb8+ Nf8 46.
Qxb7 Qxc3 47. Qxd5 Qc2+ 48. Ke3 Qc3+ 49. Qd3 Qe5+ 50. Kf2 Ne6 51. Qh7+ Kf8 52.
Qh8+ Ke7 53. Qh4+ g5 54. Qb4+ Kf6 55. Qd2 a5 56. b4 axb4 57. Qxb4 Kg7 58. a5
Nf4 59. Qd2 $11 1/2-1/2

[Event " "]
[Site "Lyon Olympique Echecs"]
[Date "1.??.??"]
[Round "11.5"]
[White "Cordier, Arnaud"]
[Black "Langevin, Philippe"]
[Result "1-0"]
[WhiteElo "2151"]
[BlackElo "2181"]
[PlyCount "49"]
[EventDate "1.??.??"]
[WhiteTeam "Epinal"]
[BlackTeam "Hyères"]

1. e4 c5 2. Nf3 d6 3. d4 cxd4 4. Nxd4 Nf6 5. Nc3 g6 6. Bc4 Bg7 7. h3 O-O 8. Bb3
Nc6 9. Be3 Nxd4 10. Bxd4 Be6 11. O-O Bxb3 12. axb3 a6 13. f4 b5 14. Qd3 b4 15.
Na4 Rb8 16. Rad1 Qa5 17. Qe3 Nd7 18. Bxg7 Kxg7 19. e5 Qc7 20. exd6 exd6 21. Qe7
Rbd8 22. Rf2 Rfe8 23. Qxd6 Re1+ 24. Kh2 Qxd6 25. Rxd6 1-0

[Event " "]
[Site "Lyon Olympique Echecs"]
[Date "1.??.??"]
[Round "11.6"]
[White "Comte, Frederic"]
[Black "Spielmann, Alain"]
[Result "1-0"]
[WhiteElo "2188"]
[BlackElo "2244"]
[PlyCount "55"]
[EventDate "1.??.??"]
[WhiteTeam "Hyères"]

1. e4 e6 2. d4 d5 3. Nc3 Bb4 4. Nge2 dxe4 5. a3 Bxc3+ 6. Nxc3 Nc6 7. Bb5 Nge7
8. Be3 f5 9. Qh5+ Ng6 10. O-O-O a6 11. Bg5 Qd6 12. d5 Qe5 13. dxc6 O-O 14. Bc4
b5 15. Bb3 a5 16. a4 bxa4 17. Bxa4 Ba6 18. Be3 Rfb8 19. Qg5 Bd3 20. cxd3 Qd6
21. dxe4 Qb4 22. Rd2 Ne5 23. Bd4 h6 24. Qg3 f4 25. Qh3 Nc4 26. Qxe6+ Kh7 27.
Qf5+ Kg8 28. Bxg7 1-0

[Event " "]
[Site "Lyon Olympique Echecs"]
[Date "1.??.??"]
[Round "11.7"]
[White "Grenouilloux, Alain"]
[Black "Laruelle, Joel"]
[Result "1/2-1/2"]
[WhiteElo "2122"]
[BlackElo "2136"]
[PlyCount "67"]
[EventDate "1.??.??"]
[WhiteTeam "Epinal"]
[BlackTeam "Hyères"]

1. d4 Nf6 2. Nf3 e6 3. c4 Bb4+ 4. Bd2 Qe7 5. a3 Bxd2+ 6. Qxd2 b6 7. Nc3 Bb7 8.
g3 d6 9. Bg2 O-O 10. O-O Ne4 11. Nxe4 Bxe4 12. Rac1 Nd7 13. Rfd1 Rad8 14. Qc3
f5 15. b4 c5 16. Rd2 Nf6 17. Rcd1 Bc6 18. Qb3 Ne4 19. Rd3 g5 20. dxc5 bxc5 21.
Nd2 d5 22. e3 Rb8 23. Rb1 cxb4 24. cxd5 Nc5 25. d6 Qf6 26. Qc4 Nxd3 27. Qxd3
Bxg2 28. Kxg2 Qc3 29. Rb3 Qc6+ 30. Kg1 Rfd8 31. Nc4 bxa3 32. Rxa3 Qb7 33. Qd4
Rbc8 34. Rxa7 1/2-1/2

[Event " "]
[Site "Lyon Olympique Echecs"]
[Date "1.??.??"]
[Round "11.8"]
[White "Mallet, Celine"]
[Black "Baujard, Anne"]
[Result "1-0"]
[WhiteElo "2028"]
[BlackElo "1924"]
[PlyCount "119"]
[EventDate "1.??.??"]
[WhiteTeam "Hyères"]

1. d4 g6 2. c4 Bg7 3. Nc3 c5 4. d5 Bxc3+ 5. bxc3 f5 6. Bf4 d6 7. Nf3 Qa5 8. Qb3
Nd7 9. e3 Nb6 10. Bd3 Qa6 11. Ke2 Bd7 12. Nd2 Ba4 13. Qb2 Nf6 14. f3 Nfd7 15.
h4 Rg8 16. Rag1 O-O-O 17. g4 fxg4 18. Rxg4 Nf6 19. Rg2 Nh5 20. Bh6 Bd7 21. Rhg1
Qa4 22. Rg5 e6 23. f4 Rde8 24. Kf3 Qa6 25. Ne4 Kc7 26. Qe2 Qa4 27. R1g2 exd5
28. cxd5 Bb5 29. Nxd6 Kxd6 30. Bxb5 Qe4+ 31. Kf2 Nxd5 32. Bxe8 Rxe8 33. Rxd5+
Qxd5 34. Rg5 Qe4 35. Qd2+ Kc6 36. Rg1 Nf6 37. Bg7 Nd5 38. Be5 Qc4 39. Qe2 Nb6
40. Qf3+ Qd5 41. Qxd5+ Kxd5 42. Kf3 Kc4 43. Rb1 Re7 44. e4 Rd7 45. Kg4 Rd2 46.
Kg5 Kd3 47. Re1 Rxa2 48. Bf6 Rg2+ 49. Kh6 Kd2 50. Ra1 Kd3 51. e5 Nd5 52. Rxa7
Kxc3 53. Rxb7 Nxf4 54. e6+ Kc4 55. e7 Re2 56. Kxh7 Nd5 57. Bg5 Re6 58. Kg7 Nxe7
59. Bxe7 Rc6 60. Bf6 1-0

[Event " "]
[Site "Lyon Olympique Echecs"]
[Date "1.??.??"]
[Round "11.2"]
[White "Rahal, Michael A"]
[Black "Crut, Aurelien"]
[Result "1/2-1/2"]
[WhiteElo "2395"]
[BlackElo "2367"]
[PlyCount "21"]
[EventDate "1.??.??"]
[WhiteTeam "Avignon"]

1. e4 e6 2. d4 d5 3. Nc3 Bb4 4. e5 c5 5. Bd2 Ne7 6. Nb5 Bxd2+ 7. Qxd2 O-O 8. f4
Nbc6 9. Nf3 a6 10. Nd6 Nxd4 11. Nxd4 1/2-1/2

[Event " "]
[Site "Lyon Olympique Echecs"]
[Date "1.??.??"]
[Round "11.3"]
[White "Sermier, Guillaume"]
[Black "Duquesnoy, Jean-Philippe"]
[Result "0-1"]
[WhiteElo "2366"]
[BlackElo "2258"]
[PlyCount "86"]
[EventDate "1.??.??"]
[WhiteTeam "Besançon T.P.G."]
[BlackTeam "Avignon"]

1. e4 c5 2. Nf3 e6 3. d4 cxd4 4. Nxd4 Nf6 5. Nc3 d6 6. Be3 a6 7. Qd2 b5 8. f3
Nbd7 9. g4 Nb6 10. g5 Nfd7 11. O-O-O Bb7 12. h4 b4 13. Nb1 d5 14. exd5 Bxd5 15.
Qf2 Qc7 16. Nd2 Bxa2 17. b3 Nd5 18. Nc4 Nc3 19. Bh3 Nc5 20. Kb2 a5 21. Rde1
Bxb3 22. Bxe6 fxe6 23. Nxe6 Nxe6 24. cxb3 Be7 25. Bb6 Na4+ 26. Kb1 Qc6 27. Qe3
Nxb6 28. Nxb6 Kf7 29. Nxa8 Rxa8 30. Qe5 Ra6 31. Re3 Qc5 32. Qe4 g6 33. h5 Nxg5
34. hxg6+ hxg6 35. Qd3 Qf5 36. f4 Qxd3+ 37. Rxd3 Ne6 38. Rh7+ Ng7 39. Rd7 Re6
40. Ra7 Kg8 41. Rh3 Nf5 42. Rxa5 Re4 43. Rf3 Re1+ 0-1

[Event " "]
[Site "Lyon Olympique Echecs"]
[Date "1.??.??"]
[Round "11.4"]
[White "Meynard, Thibault"]
[Black "Claverie, Christophe"]
[Result "1/2-1/2"]
[WhiteElo "2281"]
[BlackElo "2347"]
[PlyCount "66"]
[EventDate "1.??.??"]
[WhiteTeam "Avignon"]

1. d4 Nf6 2. c4 g6 3. Nc3 Bg7 4. Nf3 O-O 5. Bg5 d6 6. e3 c6 7. Be2 a6 8. O-O b5
9. a3 Bb7 10. Qc2 Nbd7 11. b3 Qc7 12. h3 Rfb8 13. Nd2 bxc4 14. bxc4 c5 15. d5
Bc8 16. f4 Rb7 17. Rab1 Rab8 18. Rxb7 Rxb7 19. Rb1 Qa5 20. Rxb7 Bxb7 21. Qb3
Bc8 22. Bh4 Ne8 23. Ndb1 e5 24. dxe6 fxe6 25. Bf3 Qb6 26. Qa4 Nef6 27. Qc6 Qxc6
28. Bxc6 Nb6 29. Nd2 Nfd7 30. Nce4 Bf8 31. Bd8 h6 32. a4 Kf7 33. a5 Nb8 1/2-1/2

[Event " "]
[Site "Lyon Olympique Echecs"]
[Date "1.??.??"]
[Round "11.5"]
[White "Naudier, Serge"]
[Black "Gregoire, Sylvain"]
[Result "1/2-1/2"]
[WhiteElo "2260"]
[BlackElo "2270"]
[PlyCount "62"]
[EventDate "1.??.??"]
[WhiteTeam "Besançon T.P.G."]
[BlackTeam "Avignon"]

1. e4 c5 2. Nf3 Nc6 3. d4 cxd4 4. Nxd4 Nf6 5. Nc3 e5 6. Nf5 d5 7. exd5 Bxf5 8.
dxc6 bxc6 9. Qf3 Qd7 10. Bc4 Bc5 11. Be3 Bxe3 12. Qxe3 O-O 13. O-O Qd4 14. Qxd4
exd4 15. Ne2 c5 16. c3 Rfd8 17. cxd4 cxd4 18. Rfd1 d3 19. Ng3 Bg6 20. Rd2 Rd4
21. b3 Rad8 22. f3 Kf8 23. Kf2 Nd7 24. Ne2 Rd6 25. Nf4 Ne5 26. Nxg6+ hxg6 27.
Rad1 g5 28. Ke3 Re8 29. Kf2 Red8 30. Ke3 Re8 31. Kf2 Red8 1/2-1/2

[Event " "]
[Site "Lyon Olympique Echecs"]
[Date "1.??.??"]
[Round "11.6"]
[White "Pieroni, Guillaume"]
[Black "Frederic, Clement"]
[Result "0-1"]
[WhiteElo "2200"]
[BlackElo "2241"]
[PlyCount "86"]
[EventDate "1.??.??"]
[WhiteTeam "Avignon"]

1. e4 e6 2. d4 d5 3. exd5 exd5 4. Bd3 Bd6 5. Nc3 Nf6 6. Bg5 c6 7. Qf3 Bg4 8.
Qe3+ Qe7 9. Bxf6 gxf6 10. Qxe7+ Bxe7 11. h3 Be6 12. f4 O-O 13. Nf3 Re8 14.
O-O-O b5 15. Ne2 a5 16. Ng3 Na6 17. Rhe1 Nb4 18. a3 Nxd3+ 19. Rxd3 Kf8 20. Nh4
b4 21. a4 c5 22. Ngf5 c4 23. Rg3 Bd8 24. Rg7 Bc7 25. g3 Bxf5 $11 26. Rxe8+ Rxe8
27. Nxf5 Re1+ 28. Kd2 Rh1 29. Rxh7 Kg8 30. Rg7+ Kf8 31. h4 Rh2+ 32. Kd1 Rh1+
33. Ke2 Rh2+ 34. Ke1 Rxc2 35. h5 c3 36. bxc3 b3 37. Rh7 Ke8 38. Kd1 Rxc3 39.
Kd2 b2 40. Kxc3 b1=Q 41. Rh8+ Kd7 42. Ne3 Bd6 43. Nxd5 Bb4+ 0-1

[Event " "]
[Site "Lyon Olympique Echecs"]
[Date "1.??.??"]
[Round "11.7"]
[White "Sermier, Alain"]
[Black "Gervasio, Ricardo"]
[Result "1/2-1/2"]
[WhiteElo "2121"]
[BlackElo "2282"]
[PlyCount "58"]
[EventDate "1.??.??"]
[WhiteTeam "Besançon T.P.G."]
[BlackTeam "Avignon"]

1. f4 d5 2. Nf3 Bg4 3. e3 Nd7 4. Be2 Ngf6 5. b3 Bxf3 6. Bxf3 e5 7. fxe5 Nxe5 8.
O-O Bd6 9. d4 Ng6 10. c4 h5 11. Qe2 c6 12. Ba3 Bxa3 13. Nxa3 Qe7 14. Nc2 O-O-O
15. b4 Kb8 16. c5 Nh4 17. a4 g5 18. g3 Ng6 19. b5 Rc8 20. Nb4 g4 21. Bg2 h4 22.
bxc6 bxc6 23. Rab1 Ka8 24. Rxf6 Qxf6 25. Nxd5 Qf5 26. Qb2 Qd7 27. Nf6 Qc7 28.
Nd5 Qd7 29. Nf6 Qc7 1/2-1/2

[Event " "]
[Site "Lyon Olympique Echecs"]
[Date "1.??.??"]
[Round "11.8"]
[White "Bomba, Melody"]
[Black "Hisleur, Gaelle"]
[Result "1-0"]
[WhiteElo "1960"]
[BlackElo "1916"]
[PlyCount "101"]
[EventDate "1.??.??"]
[WhiteTeam "Avignon"]

1. d4 e6 2. Nf3 Nf6 3. Bg5 Be7 4. Nbd2 b6 5. e4 Bb7 6. Bd3 d6 7. O-O O-O 8. c3
Nbd7 9. Re1 c5 10. Nc4 Ne8 11. Bxe7 Qxe7 12. d5 e5 13. Ne3 Ndf6 14. Nf5 Qc7 15.
Nd2 Bc8 16. Nc4 Bxf5 17. exf5 b5 18. Ne3 c4 19. Bc2 Qc5 20. g4 Rc8 21. g5 Nd7
22. Qg4 f6 23. h4 Qc7 24. Kh2 Qd8 25. Ng2 Nb6 26. Rad1 Rc5 27. f4 Qc7 28. Qf3
a6 29. Re2 Nd7 30. Rde1 Qd8 31. a4 Qc7 32. axb5 axb5 33. Ra1 Nb6 34. Be4 Na4
35. Rd1 Kh8 36. Ne3 Kg8 37. Ng4 Nb6 38. fxe5 dxe5 39. gxf6 Nxf6 40. d6 Nxg4+
41. Qxg4 Qf7 42. Rg2 Rd8 43. f6 Qxf6 44. Rf1 Qh6 45. Rfg1 Rd7 46. Bf5 Ra7 47.
d7 Ra8 48. Qxg7+ Qxg7 49. Rxg7+ Kf8 50. Rg8+ Ke7 51. R1g7+ 1-0

[Event " "]
[Site "Lyon Olympique Echecs"]
[Date "1.??.??"]
[Round "11.1"]
[White "Lerch, Patrice"]
[Black "San Emeterio Cabanes, Jose L"]
[Result "1/2-1/2"]
[WhiteElo "2307"]
[BlackElo "2382"]
[PlyCount "49"]
[EventDate "1.??.??"]
[WhiteTeam "Mulhouse II"]
[BlackTeam "Lutèce Echecs"]

1. e4 c5 2. Nc3 Nc6 3. g3 g6 4. Bg2 Bg7 5. d3 e6 6. Be3 Nd4 7. Nce2 Ne7 8. c3
Nxe2 9. Nxe2 b6 10. d4 cxd4 11. Bxd4 e5 12. Be3 Bb7 13. Qd6 O-O 14. O-O Nc8 15.
Qd3 Qc7 16. Rad1 Bc6 17. f4 Ne7 18. fxe5 Bxe5 19. Nd4 a6 20. Rf2 b5 21. Bg5 f6
22. Bh6 Rf7 23. Rdf1 Kh8 24. Nf3 Ng8 25. Be3 1/2-1/2

[Event " "]
[Site "Lyon Olympique Echecs"]
[Date "1.??.??"]
[Round "11.2"]
[White "Pira, Davoud"]
[Black "Fargere, Francois"]
[Result "1/2-1/2"]
[WhiteElo "2416"]
[BlackElo "2344"]
[PlyCount "36"]
[EventDate "1.??.??"]
[WhiteTeam "Lutèce Echecs"]

1. d4 d5 2. c4 c6 3. cxd5 cxd5 4. Nc3 Nf6 5. Bf4 a6 6. e3 Nc6 7. Bd3 Bg4 8. f3
Bh5 9. Nge2 e6 10. O-O Bd6 11. Bg5 Be7 12. Qe1 Bg6 13. Rd1 O-O 14. Kh1 Qa5 15.
Bxg6 hxg6 16. Qh4 Rfe8 17. f4 Ne4 18. Bxe7 Nxe7 1/2-1/2

[Event " "]
[Site "Lyon Olympique Echecs"]
[Date "1.??.??"]
[Round "11.3"]
[White "Riff, Vincent"]
[Black "Lamorelle, Yves"]
[Result "1/2-1/2"]
[WhiteElo "2310"]
[BlackElo "2245"]
[PlyCount "73"]
[EventDate "1.??.??"]
[WhiteTeam "Mulhouse II"]
[BlackTeam "Lutèce Echecs"]

1. e4 e5 2. Nf3 Nc6 3. Bb5 a6 4. Ba4 Nf6 5. O-O Be7 6. Re1 b5 7. Bb3 d6 8. c3
O-O 9. h3 Nd7 10. d4 Bf6 11. a4 Bb7 12. d5 Ne7 13. axb5 axb5 14. Rxa8 Qxa8 15.
Na3 Ba6 16. Nc2 Nc5 17. Ne3 Nxb3 18. Qxb3 Ng6 19. Bd2 Nf4 20. Ng4 Be7 21. Bxf4
exf4 22. Nd4 h5 23. Nh2 Bf6 24. Nhf3 Re8 25. Qb4 g5 26. Nc6 Kh7 27. Nfd4 g4 28.
hxg4 hxg4 29. Nxb5 Qc8 30. Nba7 Qa8 31. e5 dxe5 32. Qe4+ Kg7 33. Qf5 g3 34.
fxg3 Qb7 35. Qg4+ Kf8 36. gxf4 Qb6+ 37. Kh2 1/2-1/2

[Event " "]
[Site "Lyon Olympique Echecs"]
[Date "1.??.??"]
[Round "11.4"]
[White "Babault, Patrice"]
[Black "Schmitt, Fabien"]
[Result "1-0"]
[WhiteElo "2324"]
[BlackElo "2164"]
[PlyCount "63"]
[EventDate "1.??.??"]
[WhiteTeam "Lutèce Echecs"]

1. e4 c5 2. Nf3 e6 3. Nc3 a6 4. d4 cxd4 5. Nxd4 Qc7 6. Bd3 Nc6 7. Nb3 Nf6 8. f4
d6 9. Qf3 b5 10. Be3 Bb7 11. O-O Be7 12. Qh3 Nb4 13. a3 Nxd3 14. cxd3 Rc8 15.
Rac1 Qd7 16. Nd4 e5 17. Nf5 g6 18. Nxe7 Qxh3 19. gxh3 Kxe7 20. fxe5 Nh5 21.
Bg5+ Ke6 22. d4 h6 23. Bh4 g5 24. d5+ Kxe5 25. Rf5+ Kd4 26. Bf2+ Kd3 27. Rf3+
Kd2 28. Be3+ Kd3 29. Bb6+ Kd2 30. Rf2+ Kd3 31. Rd1+ Kc4 32. Rd4+ 1-0

[Event " "]
[Site "Lyon Olympique Echecs"]
[Date "1.??.??"]
[Round "11.5"]
[White "Tournier, Pascal"]
[Black "Stoven, Gilles-Noel"]
[Result "1-0"]
[WhiteElo "2126"]
[BlackElo "2142"]
[PlyCount "85"]
[EventDate "1.??.??"]
[WhiteTeam "Mulhouse II"]
[BlackTeam "Lutèce Echecs"]

1. e4 c5 2. Nf3 d6 3. d4 cxd4 4. Nxd4 Nf6 5. Nc3 a6 6. Be3 e5 7. Nb3 Be6 8. f3
Nbd7 9. g4 Nb6 10. g5 Nh5 11. Qd2 Rc8 12. O-O-O Be7 13. Kb1 O-O 14. Qf2 Nc4 15.
Bxc4 Rxc4 16. Bb6 Qb8 17. Na5 Rxc3 18. bxc3 Rc8 19. h4 Rxc3 20. Kb2 Rc8 21.
Rhe1 Nf4 22. c4 Bxc4 23. Nxc4 Rxc4 24. Re3 Qc8 25. Rb3 Ne6 26. Qd2 g6 27. Rc1
Rc6 28. a4 h6 29. gxh6 Rxc1 30. Qxc1 Qxc1+ 31. Kxc1 Bxh4 32. Be3 Nd8 33. Rb6
Be7 34. Bd2 Kh7 35. Kd1 g5 36. Bb4 Nc6 37. Rxb7 Nxb4 38. Rxb4 a5 39. Rb7 Bd8
40. Rxf7+ Kxh6 41. Rd7 Bf6 42. Rxd6 Kg7 43. Rd5 1-0

[Event " "]
[Site "Lyon Olympique Echecs"]
[Date "1.??.??"]
[Round "11.6"]
[White "Derieux, Christian"]
[Black "Deschler, Fabrice"]
[Result "1-0"]
[WhiteElo "2190"]
[BlackElo "2172"]
[PlyCount "55"]
[EventDate "1.??.??"]
[WhiteTeam "Lutèce Echecs"]

1. d4 Nf6 2. c4 g6 3. Nc3 Bg7 4. e4 O-O 5. Nge2 d6 6. Ng3 e5 7. d5 a5 8. Be2
Na6 9. h4 h5 10. Bg5 Qe8 11. Qd2 Kh7 12. O-O-O Ng4 13. Bxg4 Bxg4 14. f3 Bd7 15.
Qe2 Nc5 16. Nf1 b5 17. cxb5 Rb8 18. g4 Bxb5 19. Nxb5 Qxb5 20. Qxb5 Rxb5 21.
gxh5 f5 22. hxg6+ Kxg6 23. Rg1 Kh7 24. Ng3 fxe4 25. fxe4 Rf2 26. Rd2 Rxb2 27.
Rxb2 Rxb2 28. Kxb2 1-0

[Event " "]
[Site "Lyon Olympique Echecs"]
[Date "1.??.??"]
[Round "11.7"]
[White "Leburgue, Sylvain"]
[Black "Wunderman, Xavier"]
[Result "1-0"]
[WhiteElo "2235"]
[BlackElo "2136"]
[PlyCount "97"]
[EventDate "1.??.??"]
[WhiteTeam "Mulhouse II"]
[BlackTeam "Lutèce Echecs"]

1. e4 c6 2. d4 d5 3. e5 Bf5 4. Nf3 e6 5. Be2 h6 6. O-O Ne7 7. b3 Nd7 8. c4 a6
9. c5 g5 10. Nc3 Bg7 11. Ne1 Qa5 12. Bd2 Qc7 13. Rc1 f6 14. Bh5+ Kd8 15. f4 b5
16. cxb6 Qxb6 17. Na4 Qxd4+ 18. Kh1 fxe5 19. fxe5 Kc8 20. Nf3 Qa7 21. Bb4 Kd8
$11 22. Nd4 Nxe5 23. Ba5+ Kc8 24. Nb6+ Kb7 25. Rxf5 Nxf5 26. Nxe6 Rac8 27. Nc5+
Kb8 28. Be8 Rhxe8 29. Qf1 Rf8 30. Nxa6+ Kb7 31. Nc5+ Kb8 32. Na6+ Kb7 33. Nc5+
Kb8 34. Qe1 Nd4 35. Qb4 Nc2 36. Qd2 Na3 37. h3 g4 38. Qb4 Nb5 39. a4 gxh3 40.
axb5 hxg2+ 41. Kxg2 Qf7 42. Ncd7+ Ka7 43. Nxc8+ Rxc8 44. Bb6+ Kb7 45. bxc6+
Nxc6 46. Nc5+ Kb8 47. Bc7+ Kxc7 48. Qb7+ Kd6 49. Qxf7 1-0

[Event " "]
[Site "Lyon Olympique Echecs"]
[Date "1.??.??"]
[Round "11.8"]
[White "Dacalor, Aurelie"]
[Black "Richard, Emma"]
[Result "1-0"]
[WhiteElo "2021"]
[BlackElo "2004"]
[PlyCount "53"]
[EventDate "1.??.??"]
[WhiteTeam "Lutèce Echecs"]

1. d4 Nf6 2. c4 e6 3. Nc3 Bb4 4. Bg5 d5 5. e3 c6 6. Nf3 Nbd7 7. Qc2 Qa5 8. Nd2
dxc4 9. Bxf6 Nxf6 10. Nxc4 Qc7 11. a3 Be7 12. Bd3 O-O 13. O-O h6 14. Ne2 c5 15.
dxc5 Qxc5 16. b4 Qc6 17. Nd4 Qd5 18. Rad1 b5 19. Na5 Qh5 20. Be2 Qg5 21. f4 Qh4
22. Nf3 Qg4 23. Ne5 Qf5 24. Bd3 Qh5 25. Rf3 Ng4 26. Rh3 Bh4 27. Qe2 1-0

[Event " "]
[Site "Lyon Olympique Echecs"]
[Date "1.??.??"]
[Round "11.1"]
[White "Lazarev, Vladimir"]
[Black "Karim, Ismael"]
[Result "1/2-1/2"]
[WhiteElo "2509"]
[BlackElo "2348"]
[PlyCount "41"]
[EventDate "1.??.??"]
[WhiteTeam "Lyon Olympique Echecs"]
[BlackTeam "Paris Chess Club II"]

1. d4 d5 2. c4 c6 3. Nf3 Nf6 4. e3 Bg4 5. h3 Bxf3 6. Qxf3 e6 7. Nc3 Nbd7 8. Bd3
Bd6 9. Bd2 O-O 10. cxd5 cxd5 11. O-O Re8 12. Rfd1 a6 13. Bf1 Rc8 14. Rac1 Qe7
15. Be1 Nb6 16. g3 Nc4 17. Rc2 Qd7 $11 18. Rdc1 b5 19. Bd3 Bb4 20. Kh2 Qb7 21.
Qd1 $11 1/2-1/2

[Event " "]
[Site "Lyon Olympique Echecs"]
[Date "1.??.??"]
[Round "11.2"]
[White "Cohen, Aurelien"]
[Black "Vernay, Clovis"]
[Result "0-1"]
[WhiteElo "2219"]
[BlackElo "2347"]
[PlyCount "68"]
[EventDate "1.??.??"]
[WhiteTeam "Paris Chess Club II"]

1. e4 e6 2. d4 d5 3. Nd2 dxe4 4. Nxe4 Nd7 5. Nf3 Ngf6 6. Bd3 Nxe4 7. Bxe4 Nf6
8. Bg5 h6 9. Bxf6 gxf6 10. Qe2 Qe7 11. O-O-O Bg7 12. Qb5+ Bd7 13. Qxb7 O-O 14.
Qxa8 Rxa8 15. Bxa8 c6 16. Rd3 e5 17. dxe5 fxe5 18. Rhd1 Bf5 19. Rd8+ Kh7 20.
Bxc6 e4 21. Re8 Qb4 22. Ne5 Qc5 23. Bd7 Qxf2 24. Bxf5+ Qxf5 25. Nc4 Qg5+ 26.
Rd2 Qf4 27. Rc8 e3 28. Nxe3 Qxe3 29. c4 Bxb2+ 30. Kc2 Bd4 31. Rd8 Bf6 32. R8d5
Qc3+ 33. Kd1 Qxc4 34. h3 a5 0-1

[Event " "]
[Site "Lyon Olympique Echecs"]
[Date "1.??.??"]
[Round "11.3"]
[White "Renaze, Luc"]
[Black "Lopez, Jorge"]
[Result "1/2-1/2"]
[WhiteElo "2339"]
[BlackElo "2267"]
[PlyCount "74"]
[EventDate "1.??.??"]
[WhiteTeam "Lyon Olympique Echecs"]
[BlackTeam "Paris Chess Club II"]

1. d4 Nf6 2. c4 e6 3. Nf3 Bb4+ 4. Bd2 a5 5. g3 b6 6. Bg2 Bb7 7. O-O O-O 8. Bf4
Be7 9. Nc3 Ne4 10. Rc1 d6 11. Qd3 Nxc3 12. Rxc3 f5 13. Qe3 Qc8 14. Bg5 Bxg5 15.
Nxg5 Bxg2 16. Kxg2 Re8 17. Qf3 c6 18. d5 g6 19. Nxe6 Nd7 20. e4 fxe4 21. Qxe4
Nc5 22. Qd4 Nxe6 23. dxe6 Rxe6 24. Qxb6 Rb8 25. Qxa5 Rxb2 26. Rb3 Ree2 27. Qa3
Rxb3 28. axb3 c5 29. Qa7 Rb2 30. Qe7 Qc6+ 31. Kg1 Rxb3 32. Ra1 Qb7 33. Qe6+ Kg7
34. h4 Rb1+ 35. Rxb1 Qxb1+ 36. Kg2 Qd3 37. Qe7+ Kg8 1/2-1/2